Olympics medal table - Water polo - Statistics

General Stats
  • This quiz has been taken 85 times
  • The average score is 13 of 17
Answer Stats
Total Gold Silver Bronze Nation % Correct
15 4 6 5 United States
97%
4 1 3 0 Spain
95%
10 4 3 3 Italy
92%
4 1 0 3 France
87%
17 9 3 5 Hungary
85%
4 2 0 2 Serbia
85%
3 1 0 2 Australia
83%
4 0 1 3 Russia
83%
4 4 0 0 Great Britain
81%
3 1 2 0 Croatia
79%
4 1 2 1 Germany
75%
2 0 2 0 Greece
73%
7 2 2 3 Soviet Union
64%
8 3 4 1 Yugoslavia
59%
3 1 0 2 Netherlands
57%
3 0 1 2 Sweden
51%
6 0 4 2 Belgium
48%
No matching quizzes found
Score Distribution
Percent of People with Each Score
Percentile by Number Answered
Your Score History
You have not taken this quiz